000 00536nmm a2200169Ia 4500
008 251105s9999||||xx |||||||||||||||||und||
020 _a9788427714458
041 _aspa
100 _aAgüera Espejo-Saavedra, Isabel
245 0 _aPedagogía homeopática y creativa : para una escuela humanizadora, lúdica, alegre
264 _a[Madrid, España] :
_bNarcea Ediciones,
_c2004
300 _a132 páginas
490 _aEducación hoy
650 _aEducation
856 _uhttps://public.digitaliapublishing.com/a/29085
942 _cCF
999 _c80644
_d80644